000 00345nam a2200133Ia 4500
008 240624s9999 xx 000 0 und d
041 _aeng
082 _a330.019 ROT
100 _aROTHELI TOBIAS F
245 _aEXPECTATIONS RATIONALITY AND ECONOMIC PE
260 _c2007
_aUSA
_bEdward Elgar
300 _ax, 202 p,: 23 cm.
365 _cBPS
_b38
999 _c31113
_d31113